000 00286nam a22001337a 4500
008 170530b xxu||||| |||| 00| 0 eng d
020 _a9781590203521
041 _aeng
080 _a94(7/8)
100 _a17
101 _aSHH
245 _aBITTER WATERS
_cBAIN, D.H
942 _2udc
_cBK
999 _c15012
_d15012